Normal view
MARC view
- SUBHANI , AHMAD
Entry Personal Name
001 - CONTROL NUMBER
- control field: 121944
003 - CONTROL NUMBER IDENTIFIER
- control field: NUST
005 - DATE AND TIME OF LATEST TRANSACTION
- control field: 20240306154106.0
008 - FIXED-LENGTH DATA ELEMENTS
- fixed length control field: 240306|| aca||aabn | a|a d
040 ## - CATALOGING SOURCE
- Original cataloging agency: NUST
- Transcribing agency: NUST
100 ## - HEADING--PERSONAL NAME
- Personal name: SUBHANI , AHMAD
670 ## - SOURCE DATA FOUND
- Source citation: Work cat.: (NUST): SUBHANI , AHMAD , FNIRS DATA CLASSIFICATION FOR BRAIN COMPUTER INTERFACE USING DEEP LEARNING /
